00613nam a2200169Ia 4500008004100000020001500041041000800056082001700064100003900081245012600120250000600246260004000252300001300292650000900305999001900314952011000333210716s1984 xx 000 0 und d a0135280842 aeng a658.802 STEL aStern, Louis W; Eovaldi, Thomas L. aLegal aspects of marketing strategy: antitrust and consumer protection issues.bAntitrust and consumer protection issues. a1 aNew JerseybPrentice hall Incc1984 axxiv,550 aNone c206450d206450 001040708MBAaAIMITbAIMITd2011-02-14l0o658.802 STELpMBA09016r2026-05-23 00:00:00w2021-07-16yBK